Quiz sur Miami Vice - Statistiques

Statistiques générales
  • Ce quiz a été pris 8 fois
  • Le résultat moyen est 10 sur 12
Statistiques - réponses
Questions Réponses % Correct
Année de diffusion de la première saison 1984
100%
Nombre de saisons 5
100%
Acteur incarnant James "Sonny" Crockett Don Johnson
100%
Sport dans lequel Crockett souhaitait faire carrière Football Américain
100%
Cinéaste ayant produit la série Michael Mann
100%
Année de sortie de l'adaptation cinéma 2006
83%
Ville d'origine de Tubbs New York
83%
Acteur incarnant Ricardo "Rico" Tubbs Philip Michael Thomas
83%
Marque de la voiture conduite par Crockett Ferrari
67%
Musicien tchèque ayant composé la bande-sonde la série Jan Hammer
67%
Créateur de la série Anthony Yerkovich
50%
Animal servant de "chien de garde" à Crockett Un alligator
17%
Aucun quiz correspondant
Distribution des résultats
% des personnes avec chaque résultat
Percentile par nombre de réponses
Votre historique - résultats
Vous n’avez pas pris ce quiz